<?xml version="1.0" encoding="UTF-8"?>
<marc:record xmlns:marc="http://www.loc.gov/MARC21/slim">
   <marc:leader>00000nam a2200000 a 4500</marc:leader>
   <marc:datafield ind1="1" ind2=" " tag="100">
      <marc:subfield code="a">Korten, Astrid</marc:subfield>
      <marc:subfield code="4">aut</marc:subfield>
      <marc:subfield code="e">Verfasser/-in</marc:subfield>
   </marc:datafield>
   <marc:datafield ind1="0" ind2="0" tag="245">
      <marc:subfield code="a">Seelen unter dem Eis</marc:subfield>
   </marc:datafield>
   <marc:datafield ind1="0" ind2="0" tag="245">
      <marc:subfield code="b">Psychothriller</marc:subfield>
   </marc:datafield>
   <marc:datafield ind1="0" ind2="0" tag="245">
      <marc:subfield code="c">Astrid Korten</marc:subfield>
   </marc:datafield>
   <marc:datafield ind1=" " ind2="1" tag="264">
      <marc:subfield code="a">München</marc:subfield>
      <marc:subfield code="b">Piper</marc:subfield>
      <marc:subfield code="c">2020</marc:subfield>
   </marc:datafield>
   <marc:datafield ind1=" " ind2=" " tag="250">
      <marc:subfield code="a">1. Auflage</marc:subfield>
   </marc:datafield>
   <marc:datafield ind1="1" ind2=" " tag="520">
      <marc:subfield code="a">Angaben aus der Verlagsmeldung

Seelen unter dem Eis : Psychothriller / von Astrid Korten

Eine eindringlicher Psychothriller über die dunklen Seiten der Anziehungskraft und den Verrat aus Habgier von Bestseller-Autorin Astrid Korten

Nach dem Tod seiner Mutter spürt der erfolgreiche Werbe-Macher Tom eine Leere in sich, die er durch einen Lehrauftrag an der Universität zu füllen versucht. Dabei kommt es zur Konfrontation mit der Studentin Amal, die weder talentiert noch schön ist. Gegen seinen Willen verfällt Tom der seltsamen jungen Frau mehr und mehr und gibt zum ersten Mal die Zügel aus der Hand. Obwohl Amal oft irrationales Verhalten an den Tag legt, vermag sich Tom ihrem erotischen Sog nicht mehr zu entziehen und verstrickt sich immer mehr in diese außereheliche Affäre – bis sein Doppelleben zu einer Katastrophe führt ...
</marc:subfield>
   </marc:datafield>
   <marc:datafield ind1=" " ind2=" " tag="020">
      <marc:subfield code="a">9783492503198</marc:subfield>
      <marc:subfield code="9">9783492503198</marc:subfield>
   </marc:datafield>
   <marc:datafield ind1=" " ind2=" " tag="020">
      <marc:subfield code="a">3492503195</marc:subfield>
      <marc:subfield code="9">3492503195</marc:subfield>
   </marc:datafield>
   <marc:datafield ind1=" " ind2=" " tag="041">
      <marc:subfield code="a">ger</marc:subfield>
   </marc:datafield>
   <marc:datafield ind1=" " ind2=" " tag="300">
      <marc:subfield code="a">272 Seiten</marc:subfield>
   </marc:datafield>
</marc:record>
